000 00665nam a2200229Ia 4500
008 191130s2007##################000#0#eng##
020 _a9780199286416
022 _a2007008455
040 _aACL
_cACL
082 _a330 LIP
100 _aLipsey, Richard G
245 _aEconomics
_cRichard Lipsey & Chrystal K. Alec
250 _a11th ed
260 _aOxford
_bOxford University Press
_c2007
300 _axix, 665 p. : col. ill. ; 26 cm
500 _aIncludes bibliographical references (p. [652]) and index
650 _aEconomics
700 _aChrystal, K. Alec
990 _ab1e3447dac10000c76c0e8a3e5036ced
991 _a419972
999 _c258027
_d258027